عرض عادي عرض مارك
  • البلقيني، عمر بن رسلان بن نصير.

مدخل إسم شخص

عدد التسجيلات المستخدمة في: 3

001 - رقم الضبط

  • حقل الضبط: 96908

003 - معرف رقم الضبط

  • حقل الضبط: OSt

005 - تاريخ ووقت أخر عملية

  • حقل الضبط: 20220810133419.0

008 - عناصر بيانات ثابتة الطول

  • حقل تحكم ثابت الطول: 220810|| aca||aabn | a|a d

040 ## - مصدر الفهرسة

  • هيئة الفهرسة الأصلية: OSt
  • وكالة الكتابة: OSt

100 ## - مدخل -- أسم شخص

  • إسم شخص: البلقيني، عمر بن رسلان بن نصير.

670 ## - بيانات المصدر موجوده

  • الاستشهاد بالمصدر: Work cat.: (OSt): البلقيني، عمر بن رسلان بن نصير., التجرد والاهتمام بجمع فتاوى شيخ الإسلام سراج الدين أبي حفص عمر بن رسلان البلقيني 724-805 هـ / , 2015